[Event "VIII Open Vallee d'Aoste A"]
[Site "Saint Vincent - Chatillon ITA"]
[Date "2000.02.18"]
[Round "7"]
[White "Galkin, Alexander"]
[Black "Lanzani, Mario"]
[Result "1-0"]
[WhiteElo "2563"]
[BlackElo "2417"]
[PlyCount "67"]
[EventDate "2000.02.12"]

1. e4 e5 2. Nf3 Nc6 3. Bb5 Nf6 4. O-O Nxe4 5. d4 Nd6 6. Bxc6 dxc6 7. dxe5 Nf5
8. Qxd8+ Kxd8 9. Nc3 Ke8 10. h3 a5 11. Bf4 Be6 12. a3 Ne7 13. Ne4 Nd5 14. Bd2
a4 15. Nfg5 h6 16. Nxe6 fxe6 17. f4 Be7 18. c4 Nb6 19. Rac1 Rd8 20. Be3 Rd3 21.
Kf2 Kf7 22. Bxb6 cxb6 23. Rfd1 Rxd1 24. Rxd1 Rb8 25. g4 g6 26. Kf3 Ke8 27. Nf6+
Bxf6 28. exf6 Ra8 29. h4 Ra5 30. g5 hxg5 31. hxg5 Rc5 32. Rd6 Rxc4 33. Rxe6+
Kf8 34. f5 1-0

[Event "VIII Open Vallee d'Aoste A"]
[Site "Saint Vincent - Chatillon ITA"]
[Date "2000.02.18"]
[Round "7"]
[White "Hamdouchi, Hichem"]
[Black "Razuvaev, Yuri S."]
[Result "1/2-1/2"]
[WhiteElo "2513"]
[BlackElo "2548"]
[PlyCount "47"]
[EventDate "2000.02.12"]

1. e4 c5 2. Nf3 e6 3. d3 Nc6 4. g3 g6 5. Bg5 Qb6 6. Na3 d5 7. exd5 exd5 8. Qe2+
Be7 9. O-O-O Bg4 10. Bxe7 Ngxe7 11. c3 O-O-O 12. h3 Bf5 13. g4 Bd7 14. d4 c4
15. Ng5 Rdf8 16. Bg2 h6 17. Nf3 f6 18. Rhe1 Re8 19. Qd2 g5 20. Nh2 Nd8 21. Nf1
Ne6 22. Ne3 Nf4 23. Bf1 Kb8 24. Kb1 1/2-1/2

[Event "VIII Open Vallee d'Aoste A"]
[Site "Saint Vincent - Chatillon ITA"]
[Date "2000.02.18"]
[Round "7"]
[White "Hernandez Estevez, Yudania"]
[Black "Stefanova, Antoaneta"]
[Result "0-1"]
[WhiteElo "2310"]
[BlackElo "2495"]
[PlyCount "132"]
[EventDate "2000.02.12"]

1. e4 b6 2. d4 e6 3. Bd3 Bb7 4. Nf3 d6 5. O-O Nd7 6. Re1 Ne7 7. Nc3 g6 8. Bg5
h6 9. Be3 Bg7 10. Qd2 Kf8 11. a4 a6 12. h3 Kg8 13. Nh2 Kh7 14. Ng4 Qf8 15. Bc4
Nf6 16. d5 Nxg4 17. hxg4 e5 18. f3 f5 19. gxf5 gxf5 20. exf5 Nxf5 21. Bd3 Kg8
22. Bxf5 Qxf5 23. Bf2 Rf8 24. Re4 h5 25. Rae1 Bc8 26. Bh4 Bh6 27. Qf2 Rh7 28.
Kf1 Rg7 29. Rc4 Qg6 30. Ne4 a5 31. b4 axb4 32. Rxb4 Rf4 33. Re2 Qf7 34. Bg3
Rxe4 35. fxe4 Rxg3 36. Qxf7+ Kxf7 37. Rc4 Ba6 38. Rxc7+ Kf6 39. Kf2 Bf4 40. Re1
Ra3 41. Kg1 Be3+ 42. Rxe3 Rxe3 43. Rd7 Rxe4 44. Rxd6+ Kf5 45. a5 Re1+ 46. Kh2
Rd1 47. axb6 e4 48. Rd8 e3 49. Rf8+ Kg6 50. b7 Bxb7 51. Re8 Bxd5 52. Rxe3 Rd2
53. Rg3+ Kf5 54. c3 Kf4 55. c4 Be4 56. Rg8 Rc2 57. c5 Rxc5 58. Rf8+ Rf5 59. Rb8
Rf6 60. Rb2 Rg6 61. Ra2 Rg8 62. Rb2 Rc8 63. Rf2+ Ke3 64. Ra2 Rc2 65. Ra3+ Kf2
66. Rg3 Kf1 0-1

[Event "VIII Open Vallee d'Aoste A"]
[Site "Saint Vincent - Chatillon ITA"]
[Date "2000.02.18"]
[Round "7"]
[White "Lazarev, Vladimir"]
[Black "Baburin, Alexander E."]
[Result "0-1"]
[WhiteElo "2493"]
[BlackElo "2591"]
[PlyCount "66"]
[EventDate "2000.02.12"]

1. d4 e6 2. c4 b6 3. a3 Bb7 4. Nc3 Nf6 5. Nf3 d5 6. Bg5 dxc4 7. Qa4+ Nbd7 8.
Qxc4 Be7 9. e3 O-O 10. Rd1 a6 11. Be2 b5 12. Qa2 Nd5 13. Bxe7 Qxe7 14. Rc1 c5
15. dxc5 Nxc5 16. O-O Rac8 17. Rfd1 h6 18. h3 Qf6 19. Rd4 Ne4 20. Qb3 Ndxc3 21.
bxc3 e5 22. Rdd1 Nxf2 23. Kxf2 e4 24. Rd4 exf3 25. gxf3 Qe5 26. f4 Qf6 27. Rg1
Rfd8 28. a4 Rxd4 29. cxd4 Be4 30. Bd1 Qh4+ 31. Rg3 Rc6 32. axb5 Rg6 33. Bg4
Rxg4 0-1

[Event "VIII Open Vallee d'Aoste A"]
[Site "Saint Vincent - Chatillon ITA"]
[Date "2000.02.18"]
[Round "7"]
[White "Luciani, Valerio"]
[Black "Scavo, Fernando"]
[Result "1/2-1/2"]
[WhiteElo "2156"]
[BlackElo "2259"]
[PlyCount "100"]
[EventDate "2000.02.12"]

1. Nf3 c5 2. c4 g6 3. Nc3 Bg7 4. d4 cxd4 5. Nxd4 Nc6 6. e3 Nf6 7. Nc2 O-O 8.
Rb1 d6 9. Be2 Be6 10. e4 Nd7 11. Bd2 f5 12. O-O fxe4 13. Nxe4 Kh8 14. Bc3 Nce5
15. f4 Nc6 16. Bxg7+ Kxg7 17. g4 Nf6 18. Ng3 d5 19. c5 d4 20. g5 Ne8 21. b4
Bxa2 22. Rb2 d3 23. Qxd3 Qxd3 24. Bxd3 Bg8 25. Be4 a6 26. b5 axb5 27. Rxb5 Bc4
28. Rxb7 Bxf1 29. Bxc6 Rxf4 30. Rxe7+ Kf8 31. Rxh7 Rc8 32. Bxe8 Kxe8 33. Rh8+
Kd7 34. Rxc8 Kxc8 35. Nxf1 Rg4+ 36. Kf2 Rxg5 37. c6 Kc7 38. Nd4 Rd5 39. Ke3 Rh5
40. Kd3 Kd6 41. Nf3 Kxc6 42. Ng3 Rh8 43. Ke4 g5 44. Ne5+ Kc7 45. Ng4 Rh4 46.
Kf3 Kb7 47. Nf5 Rh5 48. Kg3 Kb6 49. Nf6 Rh8 50. h3 Rxh3+ 1/2-1/2

[Event "VIII Open Vallee d'Aoste A"]
[Site "Saint Vincent - Chatillon ITA"]
[Date "2000.02.18"]
[Round "7"]
[White "Marras, Giuseppe"]
[Black "Brugnoli, Luciano"]
[Result "0-1"]
[WhiteElo "1665"]
[BlackElo "2188"]
[PlyCount "68"]
[EventDate "2000.02.12"]

1. d4 Nf6 2. Nf3 d6 3. c4 g6 4. Nc3 Bg7 5. e4 Bg4 6. Be2 O-O 7. O-O Nfd7 8. h3
Bxf3 9. Bxf3 Nc6 10. Be3 e5 11. d5 Nd4 12. Nb5 Nxf3+ 13. Qxf3 f5 14. exf5 gxf5
15. Qe2 a6 16. Nc3 Qh4 17. f3 Rae8 18. Bf2 Qh5 19. Qc2 Bh6 20. Kh2 Re7 21. Rg1
Rg7 22. Ne2 Nf6 23. Raf1 Kh8 24. Qc3 Rfg8 25. g3 Rg6 26. Rg2 Bg7 27. g4 fxg4
28. Ng3 Qxh3+ 29. Kg1 gxf3 30. Qxf3 Bh6 31. Re1 Bf4 32. Kf1 Rxg3 33. Bxg3 Rxg3
34. Ree2 Rxf3+ 0-1

[Event "VIII Open Vallee d'Aoste A"]
[Site "Saint Vincent - Chatillon ITA"]
[Date "2000.02.18"]
[Round "7"]
[White "Martorelli, Antonio"]
[Black "Fregonese, Giulio"]
[Result "0-1"]
[WhiteElo "2271"]
[BlackElo "2117"]
[PlyCount "90"]
[EventDate "2000.02.12"]

1. e4 e5 2. Nf3 Nc6 3. Bb5 f5 4. d3 fxe4 5. dxe4 Nf6 6. Nc3 Bc5 7. O-O d6 8.
Be3 Bb6 9. Bxb6 axb6 10. Nd5 O-O 11. Ng5 h6 12. Bc4 Kh8 13. Nxf6 Qxf6 14. Nf3
Qg6 15. Qd3 Rf4 16. Nd2 Bd7 17. Rae1 Raf8 18. Re3 Bg4 19. c3 Qf6 20. f3 Bc8 21.
a3 Ne7 22. Kh1 Qg5 23. Ree1 Rh4 24. g4 Ng6 25. Rf2 Nf4 26. Qe3 h5 27. gxh5 Qxh5
28. Bb3 Rf6 29. Bd1 Qh7 30. Nf1 Rg6 31. Qd2 Rg5 32. Ne3 Rg3 33. Ref1 Qg6 34.
Re1 Kh7 35. Ref1 Bh3 36. Re1 Bd7 37. Nf5 Bxf5 38. exf5 Qh6 39. Bc2 Qf6 40. Bd1
Rgh3 41. Kg1 Kh8 42. Bc2 Rh5 43. Be4 c6 44. c4 Rh6 45. Qe3 Rxh2 0-1

[Event "VIII Open Vallee d'Aoste A"]
[Site "Saint Vincent - Chatillon ITA"]
[Date "2000.02.18"]
[Round "7"]
[White "Miladinovic, Igor"]
[Black "Ioseliani, Nana M."]
[Result "1-0"]
[WhiteElo "2538"]
[BlackElo "2484"]
[PlyCount "95"]
[EventDate "2000.02.12"]

1. d4 Nf6 2. c4 e6 3. Nc3 d5 4. cxd5 exd5 5. Bg5 Be7 6. e3 c6 7. Bd3 Nbd7 8.
Qc2 Nf8 9. Nf3 Ng6 10. O-O-O Bg4 11. Rdg1 Nd7 12. h4 Ngf8 13. e4 Bxf3 14. gxf3
Bxg5+ 15. hxg5 dxe4 16. Bxe4 Qc7 17. Kb1 O-O-O 18. Rc1 Kb8 19. Nb5 Qf4 20. Bxc6
Rc8 21. Qe4 Qxe4+ 22. Bxe4 Rxc1+ 23. Rxc1 Ne6 24. f4 Nb6 25. f5 Nxg5 26. Bg2 a6
27. Rc7 axb5 28. Rxb7+ Kc8 29. Rxb6 Re8 30. Rc6+ Kd7 31. Rc1 Ne4 32. a3 Kd6 33.
Ka2 Nxf2 34. Rc6+ Kd7 35. Rb6 Re2 36. Bf1 Rd2 37. Rxb5 Nd1 38. Rb3 h5 39. a4
Rxd4 40. Bb5+ Kc7 41. a5 h4 42. a6 Kb8 43. Be2+ Ka8 44. Rb7 h3 45. Re7 Ra4+ 46.
Kb3 Ra1 47. Bf3+ Kb8 48. Rb7+ 1-0

[Event "VIII Open Vallee d'Aoste A"]
[Site "Saint Vincent - Chatillon ITA"]
[Date "2000.02.18"]
[Round "7"]
[White "Novikov, Igor A."]
[Black "Skembris, Spyridon"]
[Result "1-0"]
[WhiteElo "2596"]
[BlackElo "2481"]
[PlyCount "79"]
[EventDate "2000.02.12"]

1. d4 d5 2. c4 Nc6 3. Nf3 Bg4 4. Qa4 Bxf3 5. gxf3 e6 6. e3 Bb4+ 7. Nc3 Nge7 8.
Bd2 O-O 9. O-O-O a6 10. Qc2 Ba5 11. Kb1 Kh8 12. f4 Rb8 13. Rg1 b5 14. cxd5 exd5
15. Ne2 Bxd2 16. Qxd2 Nc8 17. Nc1 Nd6 18. Nd3 Nc4 19. Qe2 Ne7 20. Qg4 g6 21. h4
Rg8 22. Ne5 Nxe5 23. fxe5 Nf5 24. Bd3 Ng7 25. f4 Rb6 26. h5 gxh5 27. Qh3 f6 28.
Rg2 c5 29. dxc5 Rc6 30. exf6 Qxf6 31. Rdg1 Qf7 32. Rg5 Rxc5 33. Qg2 b4 34. e4
dxe4 35. Qxe4 Rf5 36. Qxf5 Nxf5 37. Rxg8+ Qxg8 38. Rxg8+ Kxg8 39. Bxf5 h4 40.
Kc2 1-0

[Event "VIII Open Vallee d'Aoste A"]
[Site "Saint Vincent - Chatillon ITA"]
[Date "2000.02.18"]
[Round "7"]
[White "Olarasu, Gabriela"]
[Black "Arlandi, Ennio"]
[Result "0-1"]
[WhiteElo "2321"]
[BlackElo "2448"]
[PlyCount "98"]
[EventDate "2000.02.12"]

1. d4 Nf6 2. c4 e6 3. Nc3 Bb4 4. Qc2 O-O 5. a3 Bxc3+ 6. Qxc3 b6 7. Nf3 Ne4 8.
Qc2 Bb7 9. g3 f5 10. Bg2 Nf6 11. O-O Be4 12. Qc3 Qe7 13. b4 d6 14. Bb2 Nbd7 15.
a4 a5 16. b5 Rac8 17. Rfd1 Ba8 18. d5 Ne4 19. Qb3 Ndc5 20. Qa2 f4 21. Rac1 Rce8
22. Ba1 Qf7 23. Bd4 exd5 24. Bxc5 dxc5 25. cxd5 fxg3 26. fxg3 Kh8 27. Qc4 Nd6
28. Qd3 c4 29. Qd4 Rxe2 30. Ne5 Qh5 31. Rf1 Re8 32. Rce1 Kg8 33. Rxe2 Qxe2 34.
Bh3 Qxe5 35. Qxe5 Rxe5 36. Be6+ Rxe6 37. dxe6 Bd5 38. e7 Bf7 39. Rf3 g6 40. g4
Kg7 41. Kf2 Nc8 42. Re3 Be8 43. Re4 Nd6 44. Rf4 g5 45. Rf8 Bf7 46. Ke3 Kf6 47.
Kd4 Kxe7 48. Rh8 Bg6 49. Rg8 Ne8 0-1

[Event "VIII Open Vallee d'Aoste A"]
[Site "Saint Vincent - Chatillon ITA"]
[Date "2000.02.18"]
[Round "7"]
[White "Orsi, Massimiliano"]
[Black "Caoili, Arianne"]
[Result "0-1"]
[WhiteElo "1825"]
[BlackElo "2097"]
[PlyCount "68"]
[EventDate "2000.02.12"]

1. e4 c5 2. Nf3 e6 3. d4 cxd4 4. Nxd4 a6 5. c4 Nf6 6. Nc3 Bb4 7. Nc2 Bxc3+ 8.
bxc3 Qa5 9. Qd3 Qe5 10. f3 d5 11. Be2 dxe4 12. Qe3 Nc6 13. f4 Qc7 14. Ba3 e5
15. O-O Ne7 16. Rad1 Nf5 17. Qd2 exf4 18. Rxf4 Bd7 19. Rxf5 Bxf5 20. Qg5 Bg6
21. Bd6 Qd7 22. Qe5+ Qe6 23. Qa5 e3 24. Nb4 Ne4 25. c5 Nxc3 26. Nd5 Nxe2+ 27.
Kh1 Rc8 28. Qa4+ Qd7 29. Qa3 f6 30. Qxe3+ Kf7 31. Qxe2 Rhe8 32. Qc4 Qe6 33. Rf1
Be4 34. Qe2 Qxd5 0-1

[Event "VIII Open Vallee d'Aoste A"]
[Site "Saint Vincent - Chatillon ITA"]
[Date "2000.02.18"]
[Round "7"]
[White "Pulito, Alberto"]
[Black "Antoniacci, Riccardo"]
[Result "0-1"]
[WhiteElo "2090"]
[BlackElo "1825"]
[PlyCount "124"]
[EventDate "2000.02.12"]

1. e4 c5 2. c3 d5 3. exd5 Qxd5 4. d4 Nc6 5. Nf3 Bg4 6. Be2 e6 7. O-O Nf6 8. Be3
cxd4 9. cxd4 Be7 10. Nc3 Qd6 11. h3 Bh5 12. a3 O-O 13. Qb3 a6 14. Rfd1 Rfd8 15.
Na4 Nd5 16. Nc5 Rab8 17. Rac1 Nf4 18. Bxf4 Qxf4 19. Qe3 Bd6 20. g4 Bg6 21. b4
Ne7 22. Bc4 Nd5 23. Bxd5 exd5 24. Qxf4 Bxf4 25. Rc3 Rbc8 26. Nh4 Re8 27. Nxg6
hxg6 28. Rf3 g5 29. Nxb7 Rc2 30. Nc5 Ra8 31. Nd3 Rc3 32. Ne5 Rac8 33. Rdd3 Rc1+
34. Kg2 Re1 35. Nd7 Rcc1 36. Rxf4 gxf4 37. Kf3 Red1 38. Rxd1 Rxd1 39. Kxf4 f6
40. Ke3 Ra1 41. Nc5 Rxa3+ 42. Kf4 g5+ 43. Kf5 Kf7 44. f4 Rxh3 45. Ne6 Rf3 46.
Nd8+ Ke8 47. Ne6 Ke7 48. Nc7 Rxf4+ 49. Kg6 Rxd4 50. Nxa6 Rf4 51. b5 Kd6 52. Kh6
d4 53. Kh5 d3 54. b6 Kc6 55. b7 Kxb7 56. Nc5+ Kc6 57. Nxd3 Rf1 58. Nb4+ Kd6 59.
Nc2 Ke6 60. Ne3 Rf3 61. Nc4 Rc3 62. Nb6 Kf7 0-1

[Event "VIII Open Vallee d'Aoste A"]
[Site "Saint Vincent - Chatillon ITA"]
[Date "2000.02.18"]
[Round "7"]
[White "Sarno, Spartaco"]
[Black "Naumkin, Igor"]
[Result "1-0"]
[WhiteElo "2391"]
[BlackElo "2498"]
[PlyCount "121"]
[EventDate "2000.02.12"]

1. Nf3 e6 2. c4 f5 3. g3 Nf6 4. Bg2 Be7 5. O-O O-O 6. b3 d6 7. d3 e5 8. Nc3 Qe8
9. e3 Nc6 10. Bb2 Qh5 11. Nd2 Qh6 12. Nd5 Nxd5 13. cxd5 Nd8 14. Rc1 c6 15. b4
cxd5 16. Rc7 Bf6 17. Bxd5+ Kh8 18. Nc4 f4 19. Nxd6 Bh3 20. Re1 fxg3 21. hxg3 e4
22. Bxf6 Rxf6 23. Nxe4 Rf5 24. Rc5 Rb8 25. Bb3 Nc6 26. Rxf5 Bxf5 27. Qf3 Qg6
28. Qf4 Bxe4 29. dxe4 Qe8 30. a3 Ne5 31. Rd1 Rc8 32. Kg2 Qe7 33. Qh4 g5 34. Qh6
Ng6 35. Bd5 Rc2 36. Rh1 Ne5 37. Qe6 Qxe6 38. Bxe6 Nd3 39. Rf1 Rc3 40. Ra1 Kg7
41. Ra2 h5 42. Bd5 b6 43. b5 Rc1 44. f4 Re1 45. Rc2 Rxe3 46. Rc7+ Kh6 47. Rc6+
Kg7 48. fxg5 Ne5 49. Rc7+ Kg6 50. Rxa7 Re2+ 51. Kf1 Re3 52. a4 Rxg3 53. a5 Rf3+
54. Ke2 h4 55. axb6 Rf8 56. Be6 Kxg5 57. b7 Rb8 58. Bc8 Nc4 59. Ra8 h3 60. Kf2
Ne3 61. Kg3 1-0

[Event "VIII Open Vallee d'Aoste A"]
[Site "Saint Vincent - Chatillon ITA"]
[Date "2000.02.18"]
[Round "7"]
[White "Scerbo, Antonio"]
[Black "Aldrovandi, Costantino"]
[Result "0-1"]
[WhiteElo "2107"]
[BlackElo "2328"]
[PlyCount "43"]
[EventDate "2000.02.12"]

1. d4 Nf6 2. c4 g6 3. Nc3 Bg7 4. e4 d6 5. Nf3 O-O 6. h3 e5 7. dxe5 dxe5 8. Qxd8
Rxd8 9. Nd5 Nxd5 10. cxd5 c6 11. Bc4 cxd5 12. Bxd5 Na6 13. Bg5 Re8 14. O-O-O
Nc7 15. Bb3 Be6 16. Bxe6 Nxe6 17. Be3 f5 18. Ng5 Nf8 19. Rd5 h6 20. Nf3 Ne6 21.
Kb1 fxe4 22. Rd7 0-1

[Event "VIII Open Vallee d'Aoste A"]
[Site "Saint Vincent - Chatillon ITA"]
[Date "2000.02.18"]
[Round "7"]
[White "Tiviakov, Sergei"]
[Black "Romanishin, Oleg M."]
[Result "1/2-1/2"]
[WhiteElo "2567"]
[BlackElo "2578"]
[PlyCount "67"]
[EventDate "2000.02.12"]

1. e4 e5 2. Nf3 Nc6 3. d4 exd4 4. Nxd4 Bc5 5. Nxc6 Qf6 6. Qd2 dxc6 7. Nc3 Ne7
8. Qf4 Qe6 9. Bd3 O-O 10. O-O Ng6 11. Qg5 Qe5 12. Qxe5 Nxe5 13. Be2 a5 14. Bf4
f6 15. a4 Be6 16. Rfd1 Rae8 17. Bg3 Bc4 18. Kf1 Bf7 19. b3 h5 20. f3 Bb4 21.
Na2 Bd6 22. Nc1 g5 23. Nd3 Ng6 24. Kf2 Re7 25. Bf1 h4 26. Bxd6 cxd6 27. Nb2 d5
28. exd5 cxd5 29. c4 Rc8 30. Rd4 Ne5 31. Rad1 dxc4 32. Nxc4 Nxc4 33. Bxc4 Bxc4
34. Rxc4 1/2-1/2

[Event "VIII Open Vallee d'Aoste A"]
[Site "Saint Vincent - Chatillon ITA"]
[Date "2000.02.18"]
[Round "7"]
[White "Tocchioni, Doriano"]
[Black "Mantovani, Renzo"]
[Result "0-1"]
[WhiteElo "2242"]
[BlackElo "2415"]
[PlyCount "68"]
[EventDate "2000.02.12"]

1. d4 d5 2. Nf3 Nf6 3. Bg5 Bf5 4. Nbd2 e6 5. e3 h6 6. Bxf6 Qxf6 7. Ne5 c6 8. f4
Bd6 9. Ndf3 g5 10. g3 Be4 11. Bd3 Bxe5 12. dxe5 Qg6 13. O-O Nd7 14. Nd4 gxf4
15. exf4 Bxd3 16. Qxd3 Qxd3 17. cxd3 c5 18. Nf3 Ke7 19. Rae1 Rhg8 20. Re2 b5
21. f5 Rg4 22. Kg2 Rag8 23. f6+ Kd8 24. Kf2 Kc7 25. Rg1 Kb6 26. h3 Ra4 27. b3
Ra3 28. g4 a5 29. g5 h5 30. Nh4 Nf8 31. Ke3 a4 32. Rb2 Kc6 33. Kd2 axb3 34.
axb3 d4 0-1

[Event "VIII Open Vallee d'Aoste A"]
[Site "Saint Vincent - Chatillon ITA"]
[Date "2000.02.19"]
[Round "8"]
[White "Aldrovandi, Costantino"]
[Black "Godena, Michele"]
[Result "1-0"]
[WhiteElo "2328"]
[BlackElo "2487"]
[PlyCount "73"]
[EventDate "2000.02.12"]

1. c4 e5 2. b3 Nc6 3. Bb2 d6 4. g3 g6 5. Bg2 Bg7 6. Nc3 Nge7 7. e3 Be6 8. Nge2
O-O 9. O-O Qd7 10. Nd5 f5 11. d3 Rae8 12. Qd2 Nc8 13. a4 Nd8 14. a5 c6 15. Ndc3
Ne7 16. d4 e4 17. a6 b6 18. d5 cxd5 19. Nxd5 Bxb2 20. Nxe7+ Qxe7 21. Qxb2 d5
22. cxd5 Bxd5 23. Rfd1 Bf7 24. Nd4 Ne6 25. Nc6 Qc7 26. Rac1 Nc5 27. Nd4 Qe5 28.
Qa3 Rc8 29. Bf1 g5 30. b4 Ne6 31. Nc6 Qc7 32. b5 Nc5 33. Rxc5 bxc5 34. Qxc5 Kg7
35. Qxf5 Bg6 36. Rd7+ Kh6 37. Qh3+ 1-0

[Event "VIII Open Vallee d'Aoste A"]
[Site "Saint Vincent - Chatillon ITA"]
[Date "2000.02.19"]
[Round "8"]
[White "Chatalbashev, Boris"]
[Black "Cebalo, Miso"]
[Result "1/2-1/2"]
[WhiteElo "2522"]
[BlackElo "2537"]
[PlyCount "60"]
[EventDate "2000.02.12"]

1. d4 Nf6 2. Nf3 g6 3. Nc3 d5 4. Bf4 Bg7 5. e3 O-O 6. Be2 b6 7. Ne5 Bb7 8. h4
Nbd7 9. h5 c5 10. hxg6 hxg6 11. Bb5 Qc8 12. Bxd7 Nxd7 13. Qg4 Nxe5 14. Qh4 f6
15. dxe5 Kf7 16. Qg3 Qc6 17. O-O-O d4 18. exd4 cxd4 19. Rxd4 Qxg2 20. e6+ Kxe6
21. Re1+ Kf7 22. Rd7 Rfe8 23. Qe3 g5 24. Bd6 Qc6 25. Rc7 Qf3 26. Qe6+ Kg6 27.
Bg3 Bf8 28. Re3 Qh1+ 29. Re1 Qf3 30. Re3 Qh1+ 1/2-1/2

[Event "VIII Open Vallee d'Aoste A"]
[Site "Saint Vincent - Chatillon ITA"]
[Date "2000.02.19"]
[Round "8"]
[White "Cocchi, Andrea"]
[Black "Mrdja, Milan"]
[Result "0-1"]
[WhiteElo "2250"]
[BlackElo "2425"]
[PlyCount "84"]
[EventDate "2000.02.12"]

1. c4 g6 2. Nc3 Bg7 3. g3 c5 4. Bg2 Nc6 5. e4 e6 6. Nge2 Nge7 7. d3 O-O 8. O-O
d6 9. Rb1 Rb8 10. a3 b6 11. b4 Bb7 12. Bg5 h6 13. Be3 Nd4 14. Qd2 Kh7 15. f4
Qd7 16. Bf2 f5 17. Nxd4 cxd4 18. Ne2 e5 19. Rbc1 Rbc8 20. Rc2 Ng8 21. h3 Nf6
22. exf5 gxf5 23. Bxb7 Qxb7 24. Kh2 Qf7 25. Rfc1 Qh5 26. Kg2 Nd7 27. Ng1 Bf6
28. Re1 Rg8 29. Kh2 exf4 30. Qxf4 Ne5 31. Rf1 Rcf8 32. Kg2 Ng6 33. Qxd6 Be5 34.
Qc6 Rf6 35. Qb7+ Rg7 36. Qa8 Nh4+ 37. Kh1 Bxg3 38. Bxg3 Rxg3 39. Qxa7+ Rg7 40.
Qb8 Rfg6 41. Rcf2 Rg3 42. Qf4 Qg6 0-1

[Event "VIII Open Vallee d'Aoste A"]
[Site "Saint Vincent - Chatillon ITA"]
[Date "2000.02.19"]
[Round "8"]
[White "Colovic, Aleksandar"]
[Black "Fregonese, Giulio"]
[Result "1-0"]
[WhiteElo "2414"]
[BlackElo "2117"]
[PlyCount "57"]
[EventDate "2000.02.12"]

1. e4 e5 2. Nf3 Nc6 3. Bb5 f5 4. Bxc6 dxc6 5. Nc3 fxe4 6. Nxe4 Bd6 7. Nxe5 Qe7
8. d4 Nf6 9. Nxf6+ gxf6 10. Qh5+ Kf8 11. Bh6+ Kg8 12. O-O-O fxe5 13. Rhe1 e4
14. f3 Bd7 15. fxe4 Qf7 16. Qh4 Be7 17. Qg3+ Qg6 18. Qe3 Bf8 19. Bf4 h5 20. Kb1
Kh7 21. Qb3 Bg7 22. Qxb7 c5 23. Qxc7 Bg4 24. Rd3 Rhc8 25. Qb7 cxd4 26. Be5 Kh8
27. Bxd4 Bxd4 28. Rxd4 Qc6 29. Rd8+ 1-0

[Event "VIII Open Vallee d'Aoste A"]
[Site "Saint Vincent - Chatillon ITA"]
[Date "2000.02.19"]
[Round "8"]
[White "De La Villa Garcia, Jesus Maria"]
[Black "Estremera Panos, Sergio"]
[Result "1-0"]
[WhiteElo "2460"]
[BlackElo "2353"]
[PlyCount "77"]
[EventDate "2000.02.12"]

1. c4 Nf6 2. Nc3 e5 3. e3 Bb4 4. Qc2 O-O 5. a3 Bxc3 6. Qxc3 Re8 7. d3 b6 8. Nf3
e4 9. Nd2 d5 10. dxe4 dxe4 11. b4 a5 12. Bb2 axb4 13. axb4 Rxa1+ 14. Bxa1 Qe7
15. g4 Rd8 16. g5 Ne8 17. Bg2 Bb7 18. h4 Na6 19. b5 Nc5 20. O-O Qd7 21. Nb3
Nxb3 22. Qxb3 Qg4 23. Qa3 Qxh4 24. Qe7 Rc8 25. Rd1 Qg4 26. Rd7 Qh5 27. Rd8 Rxd8
28. Qxd8 f5 29. gxf6 gxf6 30. Bxf6 Qg6 31. Bd4 c5 32. bxc6 Bxc6 33. Qxb6 h6 34.
Qd8 Qe6 35. c5 Kh7 36. Kh2 Qf7 37. Qh4 Qc7+ 38. Qg3 Bd5 39. Bh3 1-0

[Event "VIII Open Vallee d'Aoste A"]
[Site "Saint Vincent - Chatillon ITA"]
[Date "2000.02.19"]
[Round "8"]
[White "Ioseliani, Nana M."]
[Black "Safranska, Anda"]
[Result "1-0"]
[WhiteElo "2484"]
[BlackElo "2367"]
[PlyCount "73"]
[EventDate "2000.02.12"]

1. d4 Nf6 2. Nf3 g6 3. g3 Bg7 4. Bg2 d6 5. O-O O-O 6. c4 Nc6 7. Nc3 a6 8. e3
Rb8 9. Qe2 e6 10. Rd1 b5 11. Nd2 Ne7 12. a3 Qe8 13. b4 Bb7 14. Bxb7 Rxb7 15.
Nb3 Rb8 16. cxb5 axb5 17. e4 Qd7 18. Be3 c6 19. Qf3 Ne8 20. Rac1 Ra8 21. Na5
Rc8 22. Qe2 Rb8 23. Bg5 f6 24. Be3 d5 25. Nb3 Ra8 26. Nc5 Qc8 27. a4 dxe4 28.
axb5 cxb5 29. Nxb5 Rb8 30. Bf4 e5 31. dxe5 fxe5 32. Bg5 Nf5 33. Nd7 Qb7 34.
Nxb8 Qxb8 35. Qc4+ Kh8 36. Qc6 h6 37. Rd8 1-0

[Event "VIII Open Vallee d'Aoste A"]
[Site "Saint Vincent - Chatillon ITA"]
[Date "2000.02.19"]
[Round "8"]
[White "Lanzani, Mario"]
[Black "Luciani, Valerio"]
[Result "1-0"]
[WhiteElo "2417"]
[BlackElo "2156"]
[PlyCount "135"]
[EventDate "2000.02.12"]

1. e4 e6 2. d4 d5 3. Nc3 Bb4 4. e5 c5 5. a3 Bxc3+ 6. bxc3 Ne7 7. Nf3 Nbc6 8. a4
Qa5 9. Bd2 Bd7 10. Bd3 c4 11. Bf1 f6 12. g3 Ng6 13. h4 h5 14. Bh3 O-O-O 15. O-O
Rde8 16. Re1 f5 17. Ng5 Nd8 18. Bg2 Nf8 19. Bf3 g6 20. Nh3 Nc6 21. Qc1 Kb8 22.
Rd1 Ka8 23. Qa3 Rh7 24. Bg5 Nb8 25. Rdb1 Bc6 26. Be2 Na6 27. f3 Nd7 28. Nf4 Rg7
29. Bf6 Rgg8 30. Be7 Rg7 31. Bf6 Rgg8 32. Kf2 Nb6 33. Rb4 Nc8 34. Qb2 Nxb4 35.
cxb4 Qc7 36. b5 Bd7 37. a5 b6 38. a6 Ne7 39. Qb4 Nc8 40. c3 Ref8 41. Re1 Rf7
42. Bd1 Kb8 43. Ba4 Ka8 44. Bg5 Rh7 45. Qa3 Rhg7 46. Bf6 Rf7 47. Nh3 Rff8 48.
Qc1 Be8 49. Qh6 Qd7 50. Qc1 Kb8 51. Qa3 Ka8 52. Bg5 Rf7 53. Rb1 Kb8 54. Bd1 Ka8
55. Be2 Kb8 56. Bf1 Rgf8 57. Nf4 Rg8 58. Kg1 Rh7 59. Bg2 Bf7 60. Bh1 Re8 61.
Ng2 Bg8 62. Ne3 Qf7 63. Rb4 Qf8 64. Qa2 Rc7 65. Qg2 Ne7 66. Nxc4 dxc4 67. Bxe7
Qxe7 68. f4 1-0

[Event "VIII Open Vallee d'Aoste A"]
[Site "Saint Vincent - Chatillon ITA"]
[Date "2000.02.19"]
[Round "8"]
[White "Manca, Federico"]
[Black "Zelcic, Robert"]
[Result "1/2-1/2"]
[WhiteElo "2374"]
[BlackElo "2529"]
[PlyCount "69"]
[EventDate "2000.02.12"]

1. e4 c6 2. d4 d5 3. Nc3 dxe4 4. Nxe4 Bf5 5. Ng3 Bg6 6. Bc4 e6 7. N1e2 Nf6 8.
O-O Bd6 9. f4 Qc7 10. f5 exf5 11. Nxf5 Bxh2+ 12. Kh1 O-O 13. g3 Ng4 14. Bg5 h6
15. Bh4 b5 16. Bd3 Re8 17. Nf4 Bxf5 18. Bxf5 Ne3 19. Qh5 Nxf1 20. Rxf1 Qd6 21.
Qg4 Qxd4 22. c3 Qe5 23. Nh5 g5 24. Bxg5 hxg5 25. Qxg5+ Kf8 26. Nf6 Rd8 27. Nh7+
Ke8 28. Nf6+ Kf8 29. Nh7+ Ke8 30. Kxh2 Qe2+ 31. Kg1 Qd2 32. Nf6+ Kf8 33. Nh7+
Ke8 34. Nf6+ Kf8 35. Nh7+ 1/2-1/2

[Event "VIII Open Vallee d'Aoste A"]
[Site "Saint Vincent - Chatillon ITA"]
[Date "2000.02.19"]
[Round "8"]
[White "Mantovani, Renzo"]
[Black "Yeuillaz, Corrado"]
[Result "1-0"]
[WhiteElo "2415"]
[BlackElo "2237"]
[PlyCount "53"]
[EventDate "2000.02.12"]

1. Nf3 c5 2. e4 e6 3. Nc3 a6 4. g3 Nc6 5. Bg2 d6 6. O-O Nf6 7. Re1 Be7 8. d4
cxd4 9. Nxd4 Qc7 10. Nxc6 bxc6 11. e5 dxe5 12. Rxe5 O-O 13. Re1 Rd8 14. Qe2 Bb7
15. Bf4 Bd6 16. Bg5 Be7 17. Na4 Qa5 18. Bxf6 Bxf6 19. Nc3 Bxc3 20. bxc3 Qxc3
21. Rab1 Bc8 22. Red1 Rd5 23. Rb3 Rxd1+ 24. Qxd1 Qc5 25. Qd8+ Qf8 26. Qc7 e5
27. Qxc6 1-0

[Event "VIII Open Vallee d'Aoste A"]
[Site "Saint Vincent - Chatillon ITA"]
[Date "2000.02.19"]
[Round "8"]
[White "Nevednichy, Vladislav"]
[Black "Ortega, Lexy"]
[Result "1/2-1/2"]
[WhiteElo "2589"]
[BlackElo "2479"]
[PlyCount "38"]
[EventDate "2000.02.12"]

1. e4 c5 2. Nf3 e6 3. d3 Nc6 4. g3 Nge7 5. Bg2 g6 6. O-O Bg7 7. Re1 d6 8. c3 e5
9. a3 a5 10. a4 O-O 11. Na3 h6 12. Nb5 d5 13. exd5 Nxd5 14. Nd2 Be6 15. Nc4 Re8
16. Nbd6 Re7 17. Qb3 Rb8 18. Qb5 Rc7 19. Ne4 b6 1/2-1/2